Регионална библиотека "Любен Каравелов" - Русе

Елизабет (Запис номер 87055)

MARC детайли
000 -Лидер
Контролно поле с фиксирана дължина 01266nam a2200361 a 4500
003 - Код на организацията, давaща контролен номер
Контролно поле BLK
005 - Дата и час на последна редакция
Контролно поле 20240123164426.0
008 - Елементи от данни с фиксирана дължина
fixed length control field 180408b bul|||||r ||||||| ||bul||
010 ## - Наследен системен номер
LC control number KNG00091685000
020 ## - Международен стандартен номер на книга ISBN
Международен стандартен номер на книга ISBN 954-439-115-0
040 ## - Източник на каталожния запис
Идентификатор на билиотеката - собственик на записа BLK
041 ## - Код за език
Код за езика на текст/звукозапис или на отделно заглавие Български
Код за езика КДБФ Български
080 ## - УДК
Текстов определител УДК Американска литература (на САЩ)
УДК код - определител по УДК 821.111(73)
УДК определител -31
УДК - код + определител 821.111(73)-31
100 1# - Редна дума - Автор
Автор Хел, Лайза
Авторска отговорност първи автор
R(LIN) 242191
139 ## - Редно поле
Редна дума Хел, Лайза
Авторски знак Хел - Х 40
245 10 - Сведения за заглавието
Заглавие Елизабет
Подзаглавни данни Роман
Редно поле (дума) Лайза Хел; прев. от англ. Кирил Петков.
257 ## - Страна на издаване
Страна на създаване/издаване Съединени американски щати
260 ## - Област на издателските данни
Място на издаване, разпространение и проч. В. Търново
Име на издателя, разпространителя и проч. Слово
Година на издаване 1993
300 ## - Физическа характеристика
Страници 108 с.
Размери/Мащаб 20 см
380 ## - Жанр
Жанр Худож. лит.
490 ## - СЕРИИ (Колекции)
Име на серия Любовни романи
№: серия № 12
490 ## - СЕРИИ (Колекции)
Име на серия С имена на жени
500 ## - Общи забележки
Забележка Ориг. загл. Calypso - Queen / Lisa Hell. - Офс. изд. - 28 000 тир.
653 ## - Ключова дума – ненормативна
Ключова дума романтична проза
700 1# - Други автори (авторска отговорност)
Лично име Петков, Кирил
Автороска отговорност (Описва отношението между автора и произведението) прев. от англ.
9 (RLIN) 363987
852 ## - Местоположение
Форматна сигнатура Цб 179167
Фондова буква Хранилище
856 4# - Електронен адрес и достъп
Електронен формат pdf - файл
856 4# - Електронен адрес и достъп
Електронен формат pdf - файл
942 ## - АРТИКУЛИ
Вид на библиотечния материал Книги
Скрит в OPAC Не
Koha issues (borrowed), all copies 1
944 ## - СЪЗДАВАНЕ И РЕДАКЦИЯ на ЗАПИСА
Създаване/Редакция Създаване
Дата на регистрацията/редакция 29.09.2009
Статус, дата на статуса Радостина Карадакова
Служител, извършил регистрацията/редакцията 30534
944 ## - СЪЗДАВАНЕ И РЕДАКЦИЯ на ЗАПИСА
Създаване/Редакция Редакция
Дата на регистрацията/редакция 10.11.2009
Статус, дата на статуса ф /
999 ## - СИСТЕМНИ КОНТРОЛНИ НОМЕРА
Koha biblionumber 87055
Koha biblioitemnumber 87055
999 ## - СИСТЕМНИ КОНТРОЛНИ НОМЕРА
Koha biblioitemnumber 87055
Наличности
Код за отписване Код за изгубен артикул Източник на класификационната схема Код за повреда Коз за рестрикции Код за отдаване Артикулен № Име на библиотеката - собственик Име на библиотеката, в която се намира в момента Статус (Текущо местоположение) Дата на вписване в системата Местоположение - отдел Цена в лева Инвентарен номер Систематично азбучна сигнатура Баркод Номер на екземпляра Цена в евро Служебна бележка Служебен тип на артикула
Изтеглен Не е изгубен Universal Decimal Classification Не е повреден без рестрикции заемане за дома 140929 Регионална библиотека "Любен Каравелов" Русе Регионална библиотека "Любен Каравелов" Русе Заемна - подръчен фонд 2009-09-25 Заемна - подръчен фонд 2.00 120000738589 П 820(73)-31/Х 40 120000738589 1 1.02 Дост: DA Вид: А N: 12 Дата: 25.09.2009 Книги
Изтеглен Не е изгубен Universal Decimal Classification Не е повреден без рестрикции заемане за дома 140930 Регионална библиотека "Любен Каравелов" Русе Регионална библиотека "Любен Каравелов" Русе Заемна - подръчен фонд 2009-09-25 Заемна - подръчен фонд 2.00 120000738590 П 820(73)-31/Х 40 120000738590 2 1.02 Дост: DA Вид: А N: 12 Дата: 25.09.2009 Дата инв: 15.02.2018 Бележки инв: П2018 Книги
  Не е изгубен Universal Decimal Classification Не е повреден без рестрикции ползва се в читалня 140931 Регионална библиотека "Любен Каравелов" Русе Регионална библиотека "Любен Каравелов" Русе Хранилище 1993-01-01 Хранилище 0.42 586476 Цб 179167 120000586476 3 0.21 Дост: Dp Вид: Д N: стар фонд Дата: 01.01.1993 Дата инв: 10.08.2015 Бележки инв: Цб2015 Книги
Vip Innovations Ltd, Rousse, Bulgaria 2025